| 000 | 00977nac a22002897a 4500 | ||
|---|---|---|---|
| 001 | BR5400030 | ||
| 003 | BR-BrBNA | ||
| 005 | 20240105112907.0 | ||
| 008 | 230509b bl.|||m| |||| 00| 0 por d | ||
| 040 |
_aBR-BrBNA _bpor _cBiblioteca Nacional de Agricultura |
||
| 072 | _aF70 | ||
| 090 | _aF70 BR5400030 | ||
| 100 | 1 | _aLima, D. de A. | |
| 110 | 1 |
_aUniversidade Rural de Pernambuco, Recife (Brasil); _911270 |
|
| 110 | 1 | _aState Univ. of New York, Syracuse (USA). Coll. of Forestry | |
| 245 | 1 | _aContribution to the study of the flora of Pernambuco, Brazil [Taxonomia vegetal] | |
| 260 | 3 |
_aRecife, PE (Brasil): _bImprensa Universitaria, _c1954. |
|
| 300 | _a154 p. | ||
| 490 |
_aMonografia - Universidade Rural de Pernambuco (Brazil) _vno. 1 _x |
||
| 500 | _a41 ref. | ||
| 502 | _aTese (Master of Science) | ||
| 650 | _aTaxonomia vegetal | ||
| 650 | _aFlora | ||
| 650 | _aPernambuco | ||
| 909 |
_a202312 _bLúcia Elande _c55 _dLúcia Elande |
||
| 942 |
_2AGRIS _n0 _cMS |
||
| 999 |
_c260812 _d260812 |
||